Guess the mystery song lyrics - 2010s - Statistics

General Stats
  • This quiz has been taken 641 times
  • The average score is 173 of 302
Answer Stats
Answer % Correct
I
98%
a
95%
you
95%
You
95%
the
89%
me
88%
love
87%
an
83%
to
83%
we
81%
and
77%
And
77%
be
75%
your
74%
No
73%
go
70%
it
70%
so
70%
So
70%
when
69%
on
68%
that
68%
in
67%
of
67%
Like
63%
like
63%
were
63%
can
62%
have
62%
Have
62%
know
61%
wanna
61%
don't
59%
for
58%
not
57%
you're
57%
need
56%
then
55%
think
55%
But
54%
just
53%
could
51%
was
50%
Now
48%
never
47%
said
46%
say
46%
all
45%
off
45%
would
45%
together
44%
didn't
43%
used
43%
make
41%
Make
41%
somebody
41%
cut
39%
it's
39%
let
39%
out
38%
every
36%
had
36%
nothing
36%
over
36%
though
36%
up
36%
always
35%
even
35%
get
35%
way
35%
live
34%
treat
34%
friends
33%
right
33%
happy
31%
stranger
31%
die
30%
feels
29%
happened
29%
times
29%
felt
28%
low
28%
I'd
27%
change
26%
number
26%
I'll
25%
stoop
25%
rough
24%
collect
23%
done
23%
screwed
23%
told
23%
word
23%
end
22%
something
22%
still
22%
wouldn't
21%
lonely
20%
myself
20%
records
20%
remember
20%
company
19%
into
19%
guess
18%
hung
18%
kind
17%
Well
17%
catch
16%
certain
14%
addicted
13%
glad
12%
sadness
12%
sense
11%
admit
9%
believing
9%
found
9%
ache
8%
Reading
7%
resignation
7%
No matching quizzes found
Score Distribution
Percent of People with Each Score
Percentile by Number Answered
Your Score History
You have not taken this quiz